=LDR 00000nam 2200000 4500 =001 INLIS000000000016615 =005 20130612111902 =008 ***********************************Ind** =035 ##$$0010-061300000016615 =041 ##$$a Ind =082 ##$$a 028.5 =090 ##$$a 028.5, Mua u =100 ##$$a Muakir, Ali =245 ##$$a Unta yang keluar dari batu =260 ##$$a 2003 $b Bandung =300 ##$$a 15 hlm, ilus, 17 cm =650 ##$$a Bacaan kanak-kanak =850 ##$$a NBPNMAT